00394cam a22001572 4500001001100000005001700011008004100028020001500069040001500084050002700099100002900126245003900155260002800194300001100222852000300233000002410520151217155914.0130610s xx 000 0 eng d a9966469885 aKABUcKABU 0aPR9381.9b.O36O84 19961 aOgot, Grace.@000015212414aThe Other woman and other stories. aNairobi :bEAPH,c1996. a250 p.1